|
|
|
|
| LEADER |
00000cam a2200000 a 4500 |
| 001 |
973-3 |
| 005 |
20230308171813.0 |
| 008 |
000000|1868 ||||||||r|||||||||||spa|| |
| 040 |
|
|
|b spa
|
| 041 |
0 |
|
|a Francés
|
| 082 |
0 |
|
|a 341.3
|
| 100 |
1 |
|
|a Hautefeuille, L. B.
|9 16506
|
| 245 |
|
|
|a Des droits et des devoirs des nations neutres en temps de guerre maritime
|c L. B. Hautefeuille
|h imp
|n tomo 3
|
| 250 |
|
|
|a 3a ed., corr. y aum.
|
| 264 |
|
|
|a París
|b Librairie de Guillaumin
|c 1868
|
| 300 |
|
|
|a 462 páginas:
|c 21.5 cm
|
| 504 |
|
|
|a incl. ref.
|
| 650 |
|
|
|a Derecho maritimo
|9 8318
|
| 852 |
|
|
|a UC-CDJBV
|c COLONIALES
|f Compra
|k margarita.gutierrez
|l 1
|m Limitada
|p 00000000
|q 50.00
|t 973-3
|y 387738
|b 1
|d CDRC
|e CDRC
|g 341.3 COLONIALES
|z 0000-00-00
|
| 942 |
|
|
|c BK
|
| 999 |
|
|
|c 37613
|d 37613
|